00562aaa a2200205 a 450000100060000000300080000600500170001400800410003103500190007204000260009104100080011708200220012510000180014724500400016525000190020526000540022430000360027850000190031465000230033376410BD-RjUL20211209082834.0191202s1950 n a|||| i||| 001 0 eng d a(BD-RjUL)76631 aBD-RjULbengcBD-RjUL aeng 223a547bKaO 1950 aKarrer, Paul  aOrganic chemistry /cby Paul Karrer aFourth Edition aNew York :b Elsevier Publishing Company ,c1950. axxi, 983 p. :b ill. ; c26 cm. aIncludes Index aChemistry, Organic